Statistics for 25 Biggest Cities in the Inland Empire, California

Click here to take the quiz!

General Stats

  • This quiz has been taken 1,186 times
  • The average score is 12 of 25

Answer Stats

#PopulationCityCounty% Correct
1303,871RiversideRiverside
97%
2209,924San BernardinoSan Bernardino
93%
6163,924OntarioSan Bernardino
70%
5165,269Rancho CucamongaSan Bernardino
65%
7152,374CoronaRiverside
64%
3196,069FontanaSan Bernardino
64%
4193,365Moreno ValleyRiverside
63%
1577,983ChinoSan Bernardino
49%
10100,097TemeculaRiverside
49%
8115,903VictorvilleSan Bernardino
48%
2168,747RedlandsSan Bernardino
47%
1199,171RialtoSan Bernardino
45%
1478,657HemetRiverside
44%
9103,466MurrietaRiverside
42%
1973,732UplandSan Bernardino
40%
1295,004Jurupa ValleyRiverside
38%
1874,799Chino HillsSan Bernardino
36%
1390,173HesperiaSan Bernardino
36%
1776,036IndioRiverside
35%
2268,386PerrisRiverside
34%
2552,154ColtonSan Bernardino
29%
2453,104HighlandSan Bernardino
29%
2069,135Apple ValleySan Bernardino
28%
1677,519MenifeeRiverside
27%
2353,760EastvaleRiverside
23%

Score Distribution

Percentile by Number Answered

Percent of People with Each Score

Your Score History

You have not taken this quiz